Los Angeles Dodgers 2025 Roster - Statistics

General Stats
  • This quiz has been taken 141 times
  • The average score is 24 of 39
Answer Stats
Jersey # Pos Player % Correct
5 1B Freddie Freeman
97%
16 C Will Smith
92%
17 TWP Shohei Ohtani
87%
37 RF Teoscar Hernandez
86%
7 P Blake Snell
85%
8 1B Enrique Hernandez
85%
22 P Clayton Kershaw
84%
18 P Yoshinobu Yamamoto
84%
50 SS Mookie Betts
82%
44 CF Andy Pages
80%
11 P Roki Sasaki
76%
31 P Tyler Glasnow
76%
6 2B Hyeseong Kim
75%
24 3B Max Muncy
75%
25 2B Tommy Edman
75%
23 LF Michael Conforto
71%
72 2B Miguel Rojas
71%
12 RF Alex Call
69%
49 BP Blake Treinen
68%
51 BP Alex Vesia
66%
68 C Dalton Rushing
66%
47 C Ben Rortvedt
62%
80 P Emmet Sheehan
59%
66 BP Tanner Scott
58%
43 BP Anthony Banda
56%
75 CF Justin Dean
53%
70 BP Justin Wrobleski
49%
38 BP Kirby Yates
46%
86 BP Jack Dreyer
44%
60 BP Edgardo Henriquez
42%
48 BP Brusdar Graterol
40%
26 P Tony Gonsolin
37%
78 BP Ben Casparius
34%
59 BP Evan Phillips
33%
45 BP Michael Kopech
33%
35 P Gavin Stone
30%
77 P River Ryan
27%
41 BP Brock Stewart
19%
52 C Chuckie Robinson
16%
No matching quizzes found
Score Distribution
Percent of People with Each Score
Percentile by Number Answered
Your Score History
You have not taken this quiz